Ecology and biology of soil organisms (Record no. 42205)

MARC details
000 -LEADER
fixed length control field 00414nam a2200157Ia 4500
020 ## - INTERNATIONAL STANDARD BOOK NUMBER
ISBN 8185680108
082 ## - DEWEY DECIMAL CLASSIFICATION NUMBER
Classification number 631.461
Item number BHA
100 ## - MAIN ENTRY--AUTHOR NAME
Personal name Bhandari, S C
245 #0 - TITLE STATEMENT
Title Ecology and biology of soil organisms
260 ## - PUBLICATION, DISTRIBUTION, ETC. (IMPRINT)
Place of publication Udaipur
Name of publisher Agrotech Publishing Academy
650 ## - SUBJECT ADDED ENTRY--TOPICAL TERM
Topical Term Microbial ecology
650 ## - SUBJECT ADDED ENTRY--TOPICAL TERM
Topical Term Soil ecosystem
700 ## - ADDED ENTRY--PERSONAL NAME
Personal name Somani, L L
942 ## - ADDED ENTRY ELEMENTS (KOHA)
Koha item type Books
Holdings
Withdrawn status Lost status Damaged status Not for loan Home library Current library Date acquired Cost, normal purchase price Full call number Accession Number Koha item type
        RRII Library RRII Library 16/12/2021 800.00 631.461 BHA 22481 Books